<?xml version="1.0" encoding="UTF-8"?>
<collection xmlns="http://www.loc.gov/MARC21/slim">
 <record>
  <leader>01238ntm a22002775a 4500</leader>
  <controlfield tag="001">EUN.eunm004678</controlfield>
  <controlfield tag="008">130524s2012####ag#a#####b####000#0#spa#d</controlfield>
  <controlfield tag="005">20260226104846.0</controlfield>
  <datafield tag="245" ind1="1" ind2="0">
   <subfield code="a">Composición y estructura poblacional de Neohelice granulata (Varunidae) en una planicie de marea del estuario de Bahía Blanca (Villa del Mar) /</subfield>
   <subfield code="c">Sabrina Angeletti ; directora: Patricia M. Cervellini.</subfield>
  </datafield>
  <datafield tag="260" ind1=" " ind2=" ">
   <subfield code="c">2012.</subfield>
  </datafield>
  <datafield tag="300" ind1=" " ind2=" ">
   <subfield code="a">iii, 42 h. :</subfield>
   <subfield code="b">il. col. ;</subfield>
   <subfield code="c">30 cm.</subfield>
  </datafield>
  <datafield tag="500" ind1=" " ind2=" ">
   <subfield code="a">&quot;Tesina de Licenciatura en Ciencias Biológicas&quot;.</subfield>
  </datafield>
  <datafield tag="502" ind1=" " ind2=" ">
   <subfield code="a">Tesina (licenciatura)--Universidad Nacional del Sur. Departamento de Biología, Bioquímica y Farmacia, 2012.</subfield>
  </datafield>
  <datafield tag="504" ind1=" " ind2=" ">
   <subfield code="a">Incluye referencias bibliográficas.</subfield>
  </datafield>
  <datafield tag="100" ind1="1" ind2=" ">
   <subfield code="a">Angeletti, Sabrina.</subfield>
  </datafield>
  <datafield tag="700" ind1="1" ind2=" ">
   <subfield code="a">Cervellini, Patricia M.</subfield>
   <subfield code="q">(Patricia Marta),</subfield>
   <subfield code="e">dir. de tesina.</subfield>
  </datafield>
  <datafield tag="710" ind1="2" ind2=" ">
   <subfield code="a">Universidad Nacional del Sur.</subfield>
   <subfield code="b">Departamento de Biología, Bioquímica y Farmacia.</subfield>
  </datafield>
  <datafield tag="082" ind1="0" ind2="4">
   <subfield code="a">595.38</subfield>
   <subfield code="2">15</subfield>
  </datafield>
  <datafield tag="650" ind1=" " ind2="7">
   <subfield code="a">Zoología.</subfield>
   <subfield code="2">unbist</subfield>
  </datafield>
  <datafield tag="650" ind1=" " ind2="7">
   <subfield code="a">Crustacea.</subfield>
   <subfield code="2">Icyt</subfield>
  </datafield>
  <datafield tag="650" ind1=" " ind2="7">
   <subfield code="a">Cangrejos.</subfield>
   <subfield code="2">abne</subfield>
  </datafield>
  <datafield tag="650" ind1=" " ind2="7">
   <subfield code="a">Dinámica de poblaciones.</subfield>
   <subfield code="2">Icyt</subfield>
  </datafield>
  <datafield tag="650" ind1=" " ind2="7">
   <subfield code="a">Estuarios.</subfield>
   <subfield code="2">unbist</subfield>
  </datafield>
  <datafield tag="651" ind1=" " ind2="0">
   <subfield code="a">Bahía Blanca (Argentina)</subfield>
  </datafield>
  <datafield tag="653" ind1=" " ind2=" ">
   <subfield code="a">Tesinas</subfield>
  </datafield>
  <datafield tag="859" ind1=" " ind2=" ">
   <subfield code="a">AR-BaUNS</subfield>
   <subfield code="b">BIB. CENTRAL - Sector A</subfield>
   <subfield code="h">595.38</subfield>
   <subfield code="i">An43</subfield>
   <subfield code="p">129123/025</subfield>
   <subfield code="t">Ej.2</subfield>
  </datafield>
 </record>
</collection>
